000 00774nmc a2200289 a 4500
003 AR-BaBNM
005 20251128211113.0
008 232120s2001 ||||||||||||||000 | spa||
020 _a950-9822-59-0
040 _cAR-BaBNM
100 1 _aGassino, Francisco E.
245 1 0 _aLos 70
_bviolencia en la Argentina
260 _aBuenos Aires
_bCĂ­rculo Militar
_c2001
300 0 _a189 p.
490 0 _aBiblioteca del oficial
650 4 _aHISTORIA ARGENTINA
650 4 _aHISTORIA POLITICA
650 4 _aIDEOLOGIAS
650 4 _aPOLITICA NACIONAL
650 4 _aSIGLO VEINTE
650 4 _aSUBVERSION EN ARGENTINA
651 4 _aArgentina
653 0 _aPROCESO DE REORGANIZACION NACIONAL
700 1 _aBonifacino, Enrique B.
942 _cBK
998 _cmariana
999 _c18241
_d18241